000 00297nam a22001337a 4500
008 190204b xxu||||| |||| 00| 0 eng d
020 _a9780323081047
041 _aeng
080 _29th
_a610.73
100 _a2
101 _aINF
245 _aDrug Guide for Nurses
_cRoth, L.S
942 _2udc
_cBK
999 _c53928
_d53928